35 largest celestial bodies in Solar-System - Statistics

General Stats
  • This quiz has been taken 54 times
  • The average score is 21 of 35
Answer Stats
Hint Answer % Correct
E Earth 12,742 km
100%
J Jupiter 142,984 km
100%
N Neptune 49,244 km
100%
S Saturn 120,536 km
100%
S Sun 1,392,700 km
100%
U Uranus 51,118 km
100%
V Venus 12,104 km
100%
M Mars 6,779 km
96%
M Mercury 4,879 km
96%
P Pluto 2,388 km
93%
G Ganymede 5,268 km
87%
T Titan 5,152 km
87%
I Io 3,643 km
80%
E Eris 2,326 km
76%
E Europa 3,122 km
76%
M Moon 3,475 km
76%
T Triton 2,705 km
76%
C Callisto 4,810 km
69%
C Ceres 470 km
67%
M Makemake 715 km
58%
H Haumea 798–816 km
53%
R Rhea 764 km
40%
T Titania 789 km
38%
C Charon 606 km
36%
O Oberon 761 km
29%
I Iapetus 736 km
27%
S Sedna 453 km
27%
U Umbriel 585 km
27%
A Ariel 579 km
24%
G Gonggong 615 km
24%
T Tethys 533 km
22%
D Dione 562 km
18%
Q Quaoar 545 km
18%
O Orcus 455 km
16%
S Salacia 419 km
13%
No matching quizzes found
Score Distribution
Percent of People with Each Score
Percentile by Number Answered
Your Score History
You have not taken this quiz